| 000 | 00509nam a2200181 a 4500 | ||
|---|---|---|---|
| 001 | 000036850 | ||
| 005 | 20200930075957.0 | ||
| 008 | 120202s1997 mx a 000 0 spa d | ||
| 020 | _a9701802403 | ||
| 040 |
_aDO-SdBNP _bspa _cBNPHU |
||
| 082 |
_axxx _bF465 |
||
| 100 | 1 |
_aFierro, Julieta _963199 |
|
| 245 | 1 | 3 |
_aEl universo / _cJulieta Fierro. |
| 260 |
_aMéxico : _bTercer Milenio, _c1997. |
||
| 300 |
_a63 p. : _bil. ; _c19 cm. |
||
| 490 | 1 | _aCultura Tercer Milenio | |
| 830 | 0 |
_aCultura Tercer Milenio _963200 |
|
| 999 |
_c36341 _d36341 |
||